LEADER 01246nam a2200265 4500 001 000000358702 003 CaOOAMICUS 005 20240719091116.0 008 240621s1975 it 000 u lat r 040 $aSeMil$bita 110 2 $aChiesa Cattolica.$0(OLS)http://semarc/name/987 245 10$aConstitutionis dogmaticae Lumen gentium :$bsynopsis historica /$ca cura di Giuseppe Alberigo e Franca Magistretti. 264 1$aBologna :$bIstituto per le Scienze Religiose,$c1975. 300 $aXXXVIII, 619 p. ;$c29 cm 650 4$aConcilio Vaticano II <1962-1965> - Costituzioni dogmatiche . Lumen Gentium.$0(OLS)http://semarc/subject/3016 700 1 $aMagistretti, Franca.$0(OLS)http://semarc/name/39132 700 1 $aAlberigo, Giuseppe,$d<1926-2007>.$0(OLS)http://semarc/name/743 850 $aSeMil 852 $aSeMil$W1$xVenegono$y1$m2A VI 269$j249434$B249795$CSeMilBibl$Z2$F249795 $81 910 2 $aSanta Sede. 961 $aCitrini don Tullio ? Omaggio 996 $6245$aConstitutionis dogmaticae Lumen gentium :$bsynopsis historica$9(OLS)http://semarc/title/449103 996 $6264$aBologna :$bIstituto per le Scienze Religiose$9(OLS)http://semarc/publisher/30613 LEADER 01198nam a2200277 i 4500 001 000000366745 003 CaOOAMICUS 005 20260306091716.0 008 260305s2022 it u000 u ita u 020 $a978-88-372-2645-9 040 $aSeMil$bita 100 1 $aCaramia, Donatella.$0(OLS)http://semarc/name/123886 245 13$aLa musica e oltre :$bcolloqui con Ennio Morricone /$cDonatella Caramia. 250 $a2. Ed. 264 1$aBrescia :$bMorcelliana,$c2022. 300 $a192 p. ;$c19 cm 490 1 $aIl pellicano rosso. Nuova serie ;$v343 650 4$aMorricone, Ennio - Interviste.$0(OLS)http://semarc/subject/59719 700 1 $aMorricone, Ennio,$d<1928-2020>.$0(OLS)http://semarc/name/57843 830 3$aIl pellicano rosso. Nuova serie ;$v343.$0(OLS)http://semarc/title/11366 850 $aSeMil 852 $aSeMil$W1$xVenegono$y1$m2LA V 343$j268015$B257521$CSeMilBibl$Z2$F257521 $81 996 $6020$a978-88-372-2645-9$9(OLS)http://semarc/number/305461 996 $6245$aLa musica e oltre :$bcolloqui con Ennio Morricone$9(OLS)http://semarc/title/458520 996 $6264$aBrescia :$bMorcelliana$9(OLS)http://semarc/publisher/29629